00415pab a2200133 454500008004000000100002000040245009600060260000900156300001500165362001200180650003000192650002000222773003900242180718b2010 xxu||||| |||| 00| 0 eng d aKar, Jyotimoyee aInstitutional credit, transaction cost and informal sector: A case study of Indian villages c2010 ap.397-408. aApr-Jun aRural development - India aInformal sector aIndian Journal of Labour Economics